Pohjois-Karjalan urheiluseuroja - Statistics

Yleistilastot
  • Tätä visaa on pelattu 31 kertaa
  • Keskiarvotulos 5 / 8
Vastaustilastot
Kuvavisa Hint Vastaus % Oikein
M Korisliiga Kataja Basket
92%
MN Superpesis Joensuun Maila
80%
Mestis Joensuun Kiekko-Pojat
72%
Ykkösliiga Jippo
60%
M Superpesis Kiteen Pallo -90
60%
N Ykköspesis Viinijärven Urheilijat
56%
mm. yleisurheilu, maastohiihto Joensuun Kataja
52%
M Mestaruusliiga Karelian Hurmos
24%
Ehtoja vastaavia visoja ei löytynyt
Tulosjakauma
Jokaisen tuloksen saaneiden osuus
Persentiili vastausten määrän mukaan
Tuloshistoriasi
Et ole pelannut tätä visaa